000 00291nam a22001337a 4500
008 170609b xxu||||| |||| 00| 0 eng d
020 _a9870826212014
041 _aeng
080 _a32
100 _a19
101 _aSHP
245 _aTHE NURMEBURG FALLACY
_cDAVIDSON, E
942 _2udc
_cBK
999 _c16724
_d16724